000 00541cam a2200181 04500
001 45454
090 _a45454
100 _a19931026d1942 m y0pory50030103ba
101 0 _apor
102 _aPT
200 1 _aTécnica da Publicidade
_fA. Araújo Pereira
210 9 _aLisboa
_cEdições Cosmos,
_d[1942]
215 _a114 p.
_cil.
_d19 cm
225 2 _aBiblioteca Cosmos
_h1. ª secção
_iCiências e Técnicas. Psicológicas e Sociológicas
_v28
675 _a659(035)
_vBN
_zpor
700 1 _aPereira,
_bA. Araújo,
_f1915-
801 0 _aPT
_bBN
_gRPC
990 _cLIVROS